000
00309nam a22001457a 4500
008
230912b ||||| |||| 00| 0 eng d
020
_a
0201407914
041
_a
eng
080
_a
521
082
_a
521BAH
100
_a
19
101
_a
ASTRO
245
_a
SOLAR NEUTRINOS
_c
BAHCALL.N.J
942
_2
udc
_c
BK
999
_c
60348
_d
60348